000 00874nas a2200313 4500
001 BR0402777
003 BR-BrBNA
005 20231205104556.0
007 ta
008 230509b bl.|||p| |||| 00| 00por d
040 _aBR-BrBNA
_bpor
_cBiblioteca Nacional de Agricultura
041 _a(Pt)
072 _aP06
100 1 _aLópez, J.C.F.
100 1 _aSilva, M.L. da
100 1 _aSouza, A.L.
245 1 _aConsumo residencial de lenha em cachoeira em Santa Cruz, Viçosa-MG, Brasil
650 _aZONA URBANA
650 _aZONA RURAL
650 _aLENHA
650 _aFOGÃO
650 _aCONSUMO
650 _aMODELO MATEMÁTICO
650 _aCUSTO
650 _aMINAS GERAIS
773 0 _tRevista Árvore (Brazil)
_xISSN 0100-6762
_g(Oct-Dec 2000), v. 24(4) p. 423-428
_wBR0402777
909 _a202311
_bLúcia
_c55
_dLúcia Elande
942 _2AGRIS
_n0
_cANA
999 _c178792
_d178792